La gran enciclopedia de la fuerza
Sparad:
| Huvudupphovsmän: | , |
|---|---|
| Materialtyp: | Bok |
| Språk: | spanska |
| Publicerad: |
Barcelona
Paidotribo
1995
|
| Ämnen: | |
| Taggar: |
Lägg till en tagg
Inga taggar, Lägg till första taggen!
|
MARC
| LEADER | 00000nam a2200000 a 4500 | ||
|---|---|---|---|
| 001 | UCZ6936 | ||
| 003 | CL-VaPUC | ||
| 008 | 951219e19950000SP |||||||||||||||||spa|d | ||
| 082 | 0 | 4 | |a 796.41 |b HAR |2 21 |
| 100 | |a Hartmann, Jurgen |e author |9 387922 | ||
| 700 | 0 | |a Tunnemann, Harold |e author |9 351577 | |
| 245 | 1 | 3 | |a La gran enciclopedia de la fuerza |
| 300 | |a 285 p | ||
| 942 | |c BK | ||
| 945 | |d 19951219 00:00:00 |a rleighto | ||
| 260 | |a Barcelona |b Paidotribo |c 1995 | ||
| 650 | 7 | |a DEPORTE |2 CL-VaPUC |9 351578 | |
| 650 | 0 | |a Fuerza |9 345825 | |
| 650 | 0 | |a Músculos |9 269552 | |
| 650 | 0 | |a Alimentación |9 334197 | |
| 583 | |a last modification |c 19951219 00:00:00 |k Rodrigo Vera | ||
| 999 | |c 243078 |d 243076 | ||
| 952 | |0 0 |1 0 |4 0 |6 796_410000000000000_HAR_1995 |7 0 |8 A |9 256490 |a BIBEDU |b BIBEDU |d 2019-11-19 |i 3161560 |o 796.41 HAR 1995 |p 3161560 |r 2019-11-19 |w 2019-11-19 |y BK |k EFI | ||